|
|
|
|
| LEADER |
00000cam a2200000 7i4500 |
| 001 |
0000002504 |
| 005 |
20030711.0 |
| 020 |
0 |
0 |
|a 9679788482
|
| 090 |
0 |
0 |
|a 338.9595
|b NAV 2003
|
| 100 |
1 |
0 |
|a NAVARATNAM
|h Ramon V.
|f Tan Sri Dato'
|
| 245 |
1 |
0 |
|a Malaysia's socioeconomic challenges :
|b debating public policy issues
|c Ramon V. Navaratnam
|
| 260 |
0 |
0 |
|a Petaling Jaya, Selangor :
|b Pelanduk Pub. ,
|c 2003
|
| 300 |
|
|
|a xviii, 220 p. ;
|c 23 cm.
|
| 500 |
0 |
0 |
|a Includes bibliography: p. 207-212 and index
|
| 650 |
0 |
0 |
|a Economic
|z Malaysia
|x Sociological aspects
|
| 651 |
0 |
0 |
|a Malaysia
|x Economic conditions
|
| 651 |
0 |
0 |
|a Malaysia
|x Economic policy
|
| 998 |
|
|
|a JPSM
|
| 999 |
|
|
|a 0000004671
|b Monograph
|c Open Shelf
|e Default branch
|